STN EN ISO 14630: 2008 (85 2905) Neaktívne chirurgické implantáty. Všeobecné požiadavky (ISO 14630: 2008)

Táto norma je slovenskou verziou európskej normy EN ISO 14630: 2008. Má rovnaké postavenie ako majú oficiálne verzie

Bibliographic Details
Other Authors: Kočan, Miroslav (Translator), Kočanová, Natália (Translator)
Format: Book
Language:Slovak
English
PhysicalDescription:24 s. tab. 30 cm
Published: Bratislava Slovenský ústav technickej normalizácie 2008
Subjects:

MARC

LEADER 00000nam a2200000 a 4500
001 vtls009824633
003 SK-MaSNL
005 20260302044011.0
008 130117s2008 xo k f u 000 0 slo
015 |a SNBN2011/01-00793 
020 |c (cen. skup. 12) 
035 |a (SVKBBclas03)vtls000296443 
040 |a SNK  |b slo  |c SNK  |e AACR2 
041 1 |a slo  |h eng 
044 |a xo  |c SK 
046 |a s  |m 200808 (účin.) 
072 7 |a 616  |x Patológia. Klinická medicína  |2 konspekt 
080 |a 616-089.843  |2 2001 
080 |a 006.7/.8  |2 2001 
080 |a (437.6)  |2 2001 
080 |a (4)  |2 2001 
084 |a 11.040.40  |2 ICS 
130 0 |a STN 85 2905 (STN EN ISO 14630)  |9 699045 
245 1 0 |a STN EN ISO 14630: 2008 (85 2905) Neaktívne chirurgické implantáty. Všeobecné požiadavky (ISO 14630: 2008)  |c spracovateľ Miroslav Kočan, Natália Kočanová 
246 1 0 |a Neaktívne chirurgické implantáty. Všeobecné požiadavky 
246 3 |a EN ISO 14630: 2008 E 
260 |a Bratislava  |b Slovenský ústav technickej normalizácie  |c 2008 
300 |a 24 s.  |b tab.  |c 30 cm 
500 |a Súbežný názov v angličtine, francúzštine, nemčine 
500 |a Táto norma nahrádza STN EN ISO 14630 z novembra 2005 v celom rozsahu 
504 |a Literatúra s. 20-21 
520 8 |a Táto norma je slovenskou verziou európskej normy EN ISO 14630: 2008. Má rovnaké postavenie ako majú oficiálne verzie 
540 |a STN vydané na akomkoľvek nosiči sa môžu rozmnožovať a rozširovať iba so súhlasom určenej právnickej osoby  |b SÚTN Bratislava  |c zákon 264/1999 Z.z. 
650 0 7 |a implantáty  |2 SVKBBPH  |9 29056 
650 0 7 |a chirurgické implantáty  |2 SVKBBPH  |9 123976 
650 0 7 |a technické normy a štandardy  |z Slovensko  |2 SVKBBPH  |9 79594 
650 0 7 |a technické normy a štandardy  |z krajiny Európskej únie  |2 SVKBBPH  |9 289341 
655 7 |a normy  |2 SVKBBPH  |9 70643 
700 1 |a Kočan, Miroslav  |4 trl  |9 320869 
700 1 |a Kočanová, Natália  |4 trl  |9 309870 
710 2 |a Slovenský ústav technickej normalizácie (Bratislava, Slovensko)  |b TK 102 Zdravotnícke pomôcky  |4 stn  |9 324385 
774 1 8 |t STN EN ISO 14630: 2005  |d Bratislava : Slovenský ústav technickej normalizácie, 2005  |w vtls000228470 
958 |a OP 
958 |a NB 
999 |c 1088474  |d 1090404 
952 |a SNK  |b SNK  |y PREZ  |7 0  |p 17A0602390  |o snkSTN EN ISO 14630  |i snk2008/20044  |8 0  |0 0  |1 0  |4 0  |d 2008-10-17  |l 0  |r 2026-02-24 16:48:53  |w 2026-02-24 
952 |a SNK  |b SNK  |y PREZ  |7 0  |p 17A0602391  |o snkSTN EN ISO 14630 D1  |i snk2008/20046  |8 0  |0 0  |1 0  |4 0  |d 2008-10-17  |l 0  |r 2026-02-24 16:48:53  |w 2026-02-24